Riconosci lo Stato - Quiz n°160 - Statistics

Statistiche generali
  • Questo quiz è stato fatto 31 volte
  • Il punteggio medio è 9 su 12
Statistiche sulle risposte
Indizio Risposta % Corretto
Fuso Orario UTC-6
91%
Popolazione 17.679.735 ab.
87%
Valuta Quetzal
87%
Superficie 108.889 km²
83%
Indipendenza 15 settembre 1821 dall'Impero Spagnolo
83%
Presidente della Repubblica Bernardo Arévalo
83%
Iniziale della Capitale C
83%
Forma di Governo Repubblica presidenziale
78%
ISU 0,574
70%
PIL (nominale) 50 234 milioni di $
70%
Tasso di crescita 2,1%
65%
Risposta Guatemala
61%
Nessun quiz corrispondente trovato
Distribuzione punteggi
Percentuale di utenti per punteggio
Percentile per numero di risposta
I tuoi punteggi nel tempo
Non hai fatto questo quiz